000 01197nam a22002417a 4500
005 20080709125522.0
008 080709t xxu||||| |||| 00| 0 hin d
010 _aHIN-83364
020 _a9788188134861
_c400.00
035 _aHN-55710
037 _bDBAD / PUB
040 _aDPL
_bHN
082 _a181.45
100 _aमोदी, मीरा
245 _aमहाभारत में सांख्य दर्शन /
_cमीरा मोदी
246 _aMahabharat mein sankhya darshsan
_bby Meera Modi
260 _aनई दिल्ली
_bसत्यम पब्लिशिंग हाउस
_c2007
270 _aएन-3/25 मोहनगार्डन, उत्तम नगर
_bनई दिल्ली
_e110059
_k011- 25358642
_msatyampub 2006@yahoo.com
300 _a188पृ
_c22सेमी(सजिल्द)
650 _aReligion-Hindu
942 _2ddc
_cHN
_h181.45
_m मोदीमी
999 _c14339
_d14339